000 00838nam a2200241 a 4500
001 000027687
003 DO-SdBNP
005 20240229073955.0
007 ta
008 110404s1989 dr ac 000 0 spa d
040 _aDO-SdBNP
_bspa
_cBNPHU
082 4 _a972.93
_bV422v
_222
100 1 _aVega, Bernardo,
_d1938 -
_93222
245 1 3 _aEl 23 de febrero de 1930 o la más anunciada revolución de América /
_cBernardo Vega.
260 _aSanto Domingo :
_bFundación Cultural Dominicana,
_c1989.
300 _a83 p. :
_bil. , retrs. ;
_c21 cm.
500 _aIncluye notas al pie de las páginas.
590 _aInventariado, 2022/BT
600 1 0 _aTrujillo Molina, Rafael Leónidas,
_d 1891-1961
_976764
651 4 _aRepública Dominicana
_xHistoria
_y1891-1961
_954766
910 _aValidado. Control de calidad MFF
942 _2ddc
_cLBS1
999 _c27179
_d27179